Statistics for 日本プロ野球チーム

Click here to take the quiz!

General Stats

  • This quiz has been taken 358 times
  • The average score is 11 of 12

Answer Stats

Answer% Correct
阪神タイガース
96%
読売ジャイアンツ
95%
広島東洋カープ
94%
中日ドラゴンズ
92%
東京ヤクルトスワローズ
92%
横浜DeNAベイスターズ
92%
北海道日本ハムファイターズ
90%
福岡ソフトバンクホークス
89%
東北楽天ゴールデンイーグルス
88%
オリックス・バファローズ
87%
千葉ロッテマリーンズ
86%
埼玉西武ライオンズ
84%

Score Distribution

Percentile by Number Answered

Percent of People with Each Score

Your Score History

You have not taken this quiz